000 00510nam a2200193Ia 4500
008 101110s9999 xx 000 0 und d
041 _aENGLISH
082 _bSR13612
100 _aPagare Dinkar
245 _aLaw and Practice of Income-Tax (7th rev.ed.)
365 _b40
520 _aCommerce
546 _aENGLISH
630 _aLaw and Practice of Income-Tax (7th rev.ed.)
650 _aCommerce
655 _aCommerce
730 _aLaw and Practice of Income-Tax (7th rev.ed.)
942 _cBOOK
999 _c807804
_d807801